书目信息 |
| 题名: |
城市设计基本原理
|
|
| 作者: | 沙尔霍恩, , 施马尔沙伊特, 著 ;陈丽江 译 | |
| 分册: | ||
| 出版信息: | 上海 上海人民美术出版社 2004.08 |
|
| 页数: | 178页 | |
| 开本: | 29cm | |
| 丛书名: | ||
| 单 册: | ||
| 中图分类: | TU984 | |
| 科图分类: | ||
| 主题词: | 城市规划--cheng shi gui hua--建筑设计 | |
| 电子资源: | ||
| ISBN: | 7-5322-4063-0 | |
| 000 | 01256nam0 2200289 450 | |
| 001 | 012006104828 | |
| 005 | 20060313124927.46 | |
| 010 | @a7-5322-4063-0@dCNY39.00 | |
| 100 | @a20060313d2004 km y0chiy0120 ea | |
| 101 | 1 | @achi@cger |
| 102 | @aCN@b310000 | |
| 105 | @aa z 000yy | |
| 200 | 1 | @a城市设计基本原理@Acheng shi she ji ji ben yuan li@e空间·建筑·城市@f(德) 康拉德·沙尔霍恩, 汉斯·施马沙伊特著@F(de)kang la de·sha er huo en,han si·shi ma sha yi te zhu@g陈丽江译@Gchen li jiang yi |
| 210 | @a上海@c上海人民美术出版社@d2004.08 | |
| 215 | @a178页@c图@d29cm | |
| 312 | @a德文并列题名取自版权页 | |
| 314 | @a责任者Schmalscheidt规范汉译姓: 施马尔沙伊特 | |
| 330 | @a本书阐述在建筑设计的过程中,按照目的对使用空间进行预设和安排。为了得出最佳的设计方案,如何进行专业化、分支化的抉择,并运用众多的设计案例进行说明。 | |
| 510 | 1 | @aRaum-Haus-Stadt@zger |
| 517 | 1 | @a空间·建筑·城市@Akong jian·jian zhu·cheng shi |
| 606 | 0 | @a城市规划@Acheng shi gui hua@x建筑设计 |
| 690 | @aTU984@v4 | |
| 701 | 1 | @a沙尔霍恩,@Asha er huo en,@bK.@g(Schalhorn, K.)@4著 |
| 701 | 1 | @a施马尔沙伊特,@Ashi ma er sha yi te,@bH.@g(Schmalscheidt, H.)@4著 |
| 702 | 0 | @a陈丽江@Achen li jiang@4译 |
| 801 | 0 | @aCN@bQSSK@c20060313 |
| 905 | @a10447@dTU984@eS052 | |
| 城市设计基本原理:空间·建筑·城市/(德) 康拉德·沙尔霍恩, 汉斯·施马沙伊特著/陈丽江译.-上海:上海人民美术出版社,2004.08 |
| 178页:图;29cm |
| ISBN 7-5322-4063-0:CNY39.00 |
| 本书阐述在建筑设计的过程中,按照目的对使用空间进行预设和安排。为了得出最佳的设计方案,如何进行专业化、分支化的抉择,并运用众多的设计案例进行说明。 |
| ● |
| 相关链接 |
|
|
|
正题名:城市设计基本原理
索取号:TU984/S052
 
预约/预借
| 序号 | 登录号 | 条形码 | 馆藏地/架位号 | 状态 | 备注 |
| 1 | 555938 | 205559386 | 建筑库201/201建筑库 60排5列5层/ [索取号:TU984/S052] | 在馆 | |
| 2 | 555939 | 205559395 | 建筑库201/ [索取号:TU984/S052] | 在馆 |